Statistics for Top 30 Countries By HDI

Click here to take the quiz!

General Stats

  • This quiz has been taken 298 times
  • The average score is 26 of 30

Answer Stats

Hint Answer % Correct
0.914United States
99%
0.902Canada
98%
0.898Sweden
98%
0.944Norway
98%
0.869Spain
96%
0.892United Kingdom
96%
0.879Finland
96%
0.890Japan
95%
0.884France
95%
0.933Australia
95%
0.911Germany
94%
0.872Italy
94%
0.900Denmark
93%
0.917Switzerland
93%
0.910New Zealand
92%
0.881Austria
92%
0.915Netherlands
91%
0.881Belgium
90%
0.895Iceland
90%
0.899Ireland
89%
0.881Luxembourg
88%
0.891South Korea
88%
0.901Singapore
86%
0.853Greece
72%
0.888Israel
69%
0.889Liechtenstein
69%
0.861Czech Republic
63%
0.874Slovenia
58%
0.851Qatar
58%
0.852Brunei
37%

Score Distribution

Percentile by Number Answered

Percent of People with Each Score

Your Score History

You have not taken this quiz